000 00434nam a2200181Ia 4500
001 15928
005 20260306170232.0
008 260306t2008||||xx |||||||||||||| ||und||
041 _aESP
082 _a620.82
_bCH554 2008
100 _aChiner Dasí , Mercedes
_eAUT
245 0 _aLaboratorio de ergonomía
260 _c2008
300 _a211 páginas :
_c23 cm.
650 _aGEN
654 _aCII
942 _cLIB
_dJUS
_fJUS
_2ddc
_n
999 _c15928
_d15928